[Event "BRA-ch U18 Girls"]
[Site "Aracaju"]
[Date "2024.05.22"]
[Round "3"]
[White "Silva, Juliana Figueira Th"]
[Black "Yassuda, Mariana Mayum Shigu"]
[Result "1-0"]
[WhiteElo "1960"]
[BlackElo "1652"]
[PlyCount "99"]
[EventDate "2024.05.22"]
[EventType "swiss"]
[EventRounds "6"]
[EventCountry "BRA"]
[SourceTitle "CB22_2024"]
[SourceDate "2024.05.29"]
[SourceVersion "1"]
[SourceVersionDate "2024.05.29"]
[SourceQuality "1"]

1. d4 d5 2. c4 e6 3. Nc3 Nf6 4. cxd5 exd5 5. Bg5 c6 6. e3 Be7 7. Bd3 0-0 8. Qc2 Nbd7 9. Nf3 Re8 10. h3 Nf8 11. 0-0 a5 12. a3 Ng6 13. Rab1 Ne4 14. Bxe7 Qxe7 15. b4 axb4 16. axb4 Bd7 17. Na4 Ng5 18. Nxg5 Qxg5 19. Nb6 Bxh3 20. f4 Qg3 21. Rf3 Qxg2+ 22. Qxg2 Bxg2 23. Kxg2 Nh4+ 24. Kg3 Nxf3 25. Kxf3 Ra3 26. Ke2 h5 27. Nd7 Rea8 28. b5 Ra2+ 29. Kf3 Rd2 30. bxc6 bxc6 31. Nc5 g6 32. Re1 Ra5 33. Nb3 Rxd3 34. Nxa5 Rc3 35. Nb7 Kg7 36. Kf2 Kf6 37. Kf3 Kf5 38. Rg1 Rb3 39. Nc5 Rb8 40. Nd3 Kf6 41. Ne5 Rc8 42. Rc1 Rc7 43. Nxc6 Kf5 44. Rc5 Rd7 45. Ne5 Rd6 46. Nxf7 Rd7 47. Ne5 Rd6 48. Nd3 Ke6 49. e4 dxe4+ 50. Kxe4 1-0

[Event "Criciuma op-A"]
[Site "Criciuma"]
[Date "2024.01.15"]
[Round "5"]
[White "Labussiere, Yago"]
[Black "Silva, Juliana Figueira Th"]
[Result "1-0"]
[WhiteElo "2167"]
[BlackElo "1747"]
[PlyCount "65"]
[EventDate "2024.01.12"]
[EventType "swiss"]
[EventRounds "9"]
[EventCountry "BRA"]
[SourceTitle "CB04_2024"]
[SourceDate "2023.10.16"]
[SourceVersion "1"]
[SourceVersionDate "2023.10.16"]
[SourceQuality "1"]

1. d4 Nf6 2. c4 g6 3. Nc3 Bg7 4. e4 d6 5. Nf3 0-0 6. Be2 e5 7. d5 Nbd7 8. Bg5 a5 9. Nd2 Nc5 10. g4 Bd7 11. h4 Qc8 12. Rg1 h6 13. Be3 Ne8 14. h5 g5 15. f3 c6 16. Kf2 Na6 17. a3 Bf6 18. Qc2 Bd8 19. Rab1 Bc7 20. b4 Nf6 21. dxc6 bxc6 22. b5 cxb5 23. cxb5 Nb8 24. b6 Bxb6 25. Rxb6 d5 26. exd5 Nxd5 27. Rxh6 f5 28. Bc4 Bc6 29. Nxd5 Bxd5 30. Bxd5+ Kg7 31. Rg6+ Kh7 32. Qxc8 Rxc8 33. Rb1 1-0

[Event "Pan American-ch School U13 Girls 12th"]
[Site "Callao"]
[Date "2023.10.16"]
[Round "2"]
[White "Silva, Juliana Figueira Th"]
[Black "Paredes Minaya, Alyssa Christina Lu"]
[Result "1/2-1/2"]
[WhiteElo "1670"]
[BlackElo "1221"]
[PlyCount "37"]
[EventDate "2023.10.16"]
[EventType "swiss"]
[EventRounds "9"]
[EventCountry "PER"]
[SourceTitle "Mega2024 Update 01"]
[Source "Chessbase"]
[SourceDate "2023.11.12"]
[SourceVersion "1"]
[SourceVersionDate "2023.11.12"]
[SourceQuality "1"]

1. d4 d5 2. c4 e6 3. Nc3 Nf6 4. cxd5 exd5 5. Bg5 Be7 6. e3 c6 7. Bd3 b6 8. Nf3 Bb7 9. 0-0 0-0 10. Qc2 h6 11. Bh4 Nbd7 12. Rab1 c5 13. b3 a6 14. Rfd1 Qc7 15. a4 Rfe8 16. dxc5 bxc5 17. Bf5 Red8 18. Rbc1 Bc8 19. b4 1/2-1/2

[Event "Caxambu op"]
[Site "Caxambu"]
[Date "2023.07.23"]
[Round "7"]
[White "Silva, Juliana Figueira Th"]
[Black "Nascimento, Daniel Rojas"]
[Result "0-1"]
[WhiteElo "1682"]
[BlackElo "1930"]
[PlyCount "68"]
[EventDate "2023.07.20"]
[EventType "swiss"]
[EventRounds "7"]
[EventCountry "BRA"]
[SourceTitle "CBM 215 Extra"]
[Source "ChessBase"]
[SourceDate "2023.09.30"]
[SourceVersion "1"]
[SourceVersionDate "2023.09.30"]
[SourceQuality "1"]

1. d4 Nf6 2. c4 c5 3. d5 e6 4. Nc3 exd5 5. cxd5 d6 6. e4 g6 7. f4 Bg7 8. Bb5+ Bd7 9. e5 Nh5 10. Nf3 Bxb5 11. Nxb5 Qa5+ 12. Nc3 0-0 13. g4 Nxf4 14. Bxf4 Qb4 15. Bg3 Qxb2 16. Ne4 Qb4+ 17. Nfd2 Nd7 18. 0-0 Qd4+ 19. Bf2 Qxe5 20. Rb1 Nb6 21. g5 c4 22. Re1 Qf5 23. Bxb6 axb6 24. Nxc4 Rxa2 25. Rc1 Rfa8 26. Qd3 h6 27. Ne3 Qh3 28. Rc2 Be5 29. Qe2 Ra1 30. Nf6+ Kg7 31. Nfg4 Bd4 32. gxh6+ Kh8 33. Rcc1 R8a2 34. Qc4 Qg2# 0-1

[Event "Sao Paulo op"]
[Site "Sao Paulo"]
[Date "2023.06.25"]
[Round "5"]
[White "Silva, Juliana Figueira Th"]
[Black "Capelo, Martinho Figueira"]
[Result "1-0"]
[WhiteElo "1649"]
[BlackElo "1771"]
[PlyCount "53"]
[EventDate "2023.06.23"]
[EventType "swiss"]
[EventRounds "6"]
[EventCountry "BRA"]
[SourceTitle "CBM 214 Extra"]
[Source "ChessBase"]
[SourceDate "2023.07.31"]
[SourceVersion "1"]
[SourceVersionDate "2023.07.31"]
[SourceQuality "1"]

1. d4 d5 2. Nf3 Nf6 3. Bf4 c5 4. c3 Qb6 5. Qc1 Nc6 6. e3 Nh5 7. Bg3 Nxg3 8. hxg3 cxd4 9. exd4 Bg4 10. Be2 e6 11. 0-0 Be7 12. Nbd2 0-0 13. Qc2 Bf5 14. Qb3 Qc7 15. Ne1 Rab8 16. Bd3 Bxd3 17. Nxd3 b5 18. Rfc1 Qb6 19. Qd1 b4 20. Nb3 bxc3 21. bxc3 Na5 22. Nbc5 Bxc5 23. Nxc5 Qc6 24. Rab1 Nb7 25. Qb3 Nxc5 26. Qxb8 Nd3 27. Rd1 1-0

[Event "Florianopolis op-A 04"]
[Site "Florianopolis"]
[Date "2023.04.30"]
[Round "4"]
[White "Hirano, Enzo Erich Kreutz"]
[Black "Silva, Juliana Figueira Th"]
[Result "1/2-1/2"]
[WhiteElo "1797"]
[BlackElo "1600"]
[PlyCount "114"]
[EventDate "2023.04.28"]
[EventType "swiss"]
[EventRounds "6"]
[EventCountry "BRA"]
[SourceTitle "CBM 214 Extra"]
[Source "ChessBase"]
[SourceDate "2023.07.31"]
[SourceVersion "1"]
[SourceVersionDate "2023.07.31"]
[SourceQuality "1"]

1. e4 c5 2. Nf3 d6 3. d4 cxd4 4. Nxd4 Nf6 5. Nc3 a6 6. Be3 e5 7. Nb3 Be6 8. f3 Be7 9. Qd2 0-0 10. 0-0-0 b5 11. Nd5 Nxd5 12. exd5 Bc8 13. g4 Qc7 14. Bd3 Bb7 15. h4 Nd7 16. g5 f5 17. gxf6 Nxf6 18. Rhg1 Nxd5 19. Bh6 Rf7 20. Bxg7 Rxg7 21. Qh6 Bf6 22. Be4 Rc8 23. Qxh7+ Kf8 24. Rxg7 Bxg7 25. Rxd5 Bxd5 26. Bxd5 Ke8 27. Qg8+ Bf8 28. Qe6+ Kd8 29. Na1 Qg7 30. Qg4 Qh6+ 31. Kd1 Qe3 32. Qg5+ Qxg5 33. hxg5 Bg7 34. Nb3 Ke7 35. Bb7 Rb8 36. Bxa6 Kd7 37. c4 bxc4 38. Bxc4 Kc6 39. Kd2 d5 40. Bd3 Rd8 41. a3 Rb8 42. Kc2 Rf8 43. Nd2 Kc5 44. Nb3+ Kd6 45. Nd2 Rc8+ 46. Kb1 Rb8 47. b4 Kc6 48. Ka2 Bf8 49. Kb3 Be7 50. g6 Bg5 51. Nb1 Bh6 52. Nc3 Rf8 53. Be2 Rf6 54. Na4 Rxg6 55. b5+ Kb7 56. Kb4 Rg2 57. Bd3 d4 1/2-1/2

[Event "Florianopolis op-A 04"]
[Site "Florianopolis"]
[Date "2023.04.30"]
[Round "5"]
[White "Silva, Juliana Figueira Th"]
[Black "Dos Santos, Lucas Aparecido"]
[Result "0-1"]
[WhiteElo "1600"]
[BlackElo "2072"]
[PlyCount "70"]
[EventDate "2023.04.28"]
[EventType "swiss"]
[EventRounds "6"]
[EventCountry "BRA"]
[SourceTitle "CBM 214 Extra"]
[Source "ChessBase"]
[SourceDate "2023.07.31"]
[SourceVersion "1"]
[SourceVersionDate "2023.07.31"]
[SourceQuality "1"]

1. d4 Nf6 2. c4 g6 3. Nc3 Bg7 4. h3 d6 5. e4 0-0 6. Be3 c5 7. d5 e6 8. Nf3 exd5 9. exd5 Re8 10. Bd3 Na6 11. 0-0 Nc7 12. Qd2 Qd7 13. Bh6 Bh8 14. Rfe1 a6 15. a4 b6 16. Rab1 Rxe1+ 17. Qxe1 b5 18. axb5 axb5 19. cxb5 Bb7 20. Bc4 Ncxd5 21. Nxd5 Nxd5 22. Ng5 Bf6 23. Ne4 Bd4 24. Rd1 Qe6 25. Ng5 Qf6 26. Ne4 Qe5 27. Bg5 Qe6 28. Rd2 Kg7 29. Re2 Qf5 30. Qc1 Be5 31. Bh6+ Kg8 32. Ng5 Nf4 33. Rxe5 dxe5 34. Nxf7 Bd5 35. Ng5 Rd8 0-1

[Event "Florianopolis op-A 04"]
[Site "Florianopolis"]
[Date "2023.04.29"]
[Round "2"]
[White "Kim, Thiago"]
[Black "Silva, Juliana Figueira Th"]
[Result "1-0"]
[WhiteElo "2076"]
[BlackElo "1600"]
[PlyCount "75"]
[EventDate "2023.04.28"]
[EventType "swiss"]
[EventRounds "6"]
[EventCountry "BRA"]
[SourceTitle "CBM 214 Extra"]
[Source "ChessBase"]
[SourceDate "2023.07.31"]
[SourceVersion "1"]
[SourceVersionDate "2023.07.31"]
[SourceQuality "1"]

1. e4 c5 2. Nf3 d6 3. d4 cxd4 4. Nxd4 Nf6 5. Nc3 a6 6. f3 e5 7. Nb3 Be6 8. Be3 Be7 9. Qd2 b5 10. a4 bxa4 11. Rxa4 Qc8 12. Be2 Qb7 13. 0-0 Bxb3 14. cxb3 Qxb3 15. Bc4 Qb7 16. Nd5 Nc6 17. Rc1 0-0 18. Nxf6+ Bxf6 19. Bd5 Rfc8 20. Rac4 Rab8 21. Rxc6 Rxc6 22. Rxc6 Qd7 23. Qc3 Bd8 24. Rxa6 h6 25. Qc6 Qxc6 26. Rxc6 Kf8 27. Rxd6 Ke7 28. Bc5 Rb5 29. Ba3 Ra5 30. Ra6+ Kd7 31. Rxa5 Bxa5 32. Bxf7 Bd2 33. Kf2 Kc6 34. Ke2 Bf4 35. g3 Bc1 36. Kd3 Kb5 37. Be8+ Ka5 38. b4+ 1-0

[Event "Pocos de Caldas op"]
[Site "Pocos de Caldas"]
[Date "2023.03.17"]
[Round "2"]
[White "Silva, Juliana Figueira Th"]
[Black "Ikejiri, Daniel Yoshito"]
[Result "0-1"]
[WhiteElo "1608"]
[BlackElo "1937"]
[PlyCount "96"]
[EventDate "2023.03.17"]
[EventType "swiss"]
[EventRounds "6"]
[EventCountry "BRA"]
[SourceTitle "EXT 2024"]
[Source "ChessBase"]
[SourceDate "2023.10.10"]
[SourceVersion "1"]
[SourceVersionDate "2023.10.10"]
[SourceQuality "1"]

1. Nf3 d5 2. g3 Nf6 3. Bg2 e6 4. d3 Be7 5. 0-0 0-0 6. Nbd2 b6 7. e4 Bb7 8. e5 Nfd7 9. d4 c5 10. c3 cxd4 11. cxd4 Nc6 12. Re1 Rc8 13. Nf1 Nb4 14. Ne3 Ba6 15. Bf1 Bxf1 16. Rxf1 b5 17. a3 Nc6 18. Bd2 Qb6 19. Bc3 a5 20. Qd3 b4 21. Bd2 f6 22. Ng4 fxe5 23. Ngxe5 Ndxe5 24. dxe5 Rf5 25. Rae1 Rcf8 26. Be3 Rxf3 27. Qe2 Bc5 28. Bxc5 Qxc5 29. Rc1 Qb6 30. axb4 axb4 31. Kg2 Na5 32. Qxf3 Rxf3 33. Kxf3 Nc4 34. Kg2 Nxb2 35. Rc8+ Kf7 36. Rfc1 Nc4 37. Ra1 b3 38. Rca8 b2 39. R8a7+ Kg6 40. h4 bxa1Q 41. h5+ Kh6 42. Rxa1 Nxe5 43. f4 Qb2+ 44. Kh3 Qxa1 45. g4 Qh1+ 46. Kg3 Qg1+ 47. Kh4 Nf3+ 48. Kh3 Qh2# 0-1

[Event "Florianopolis op 9th"]
[Site "Florianopolis"]
[Date "2023.01.28"]
[Round "8"]
[White "Silva, Juliana Figueira Th"]
[Black "Bisesar, Maycon da Costa"]
[Result "1-0"]
[WhiteElo "1393"]
[BlackElo "1760"]
[PlyCount "92"]
[EventDate "2023.01.23"]
[EventType "swiss"]
[EventRounds "10"]
[EventCountry "BRA"]
[SourceTitle "CBM 212 Extra"]
[Source "ChessBase"]
[SourceDate "2023.03.31"]
[SourceVersion "1"]
[SourceVersionDate "2023.03.31"]
[SourceQuality "1"]

1. Nf3 d6 2. g3 Nf6 3. Bg2 g6 4. d3 Bg7 5. 0-0 0-0 6. Nc3 Nc6 7. e4 e5 8. Kh1 Bg4 9. h3 Bd7 10. Ng1 Nd4 11. f4 Nh5 12. Kh2 exf4 13. Bxf4 Nxf4 14. gxf4 Ne6 15. Nge2 Qh4 16. Qe1 Qxe1 17. Raxe1 Bc6 18. Rd1 Nd4 19. Nxd4 Bxd4 20. Rb1 Bxc3 21. bxc3 b6 22. Rfe1 a5 23. e5 Bxg2 24. Kxg2 dxe5 25. fxe5 Rfe8 26. d4 Re7 27. Rf1 Rd8 28. Rf4 f5 29. Kf3 Kf7 30. Ke3 Ke6 31. h4 Rb8 32. Kd3 b5 33. Rff1 c5 34. a3 c4+ 35. Ke3 Kd5 36. Rb2 Ke6 37. Rfb1 Reb7 38. a4 b4 39. cxb4 axb4 40. a5 Rb5 41. a6 Ra5 42. Rxb4 Ra3+ 43. Kf4 Rxb4 44. Rxb4 Rxa6 45. Rb7 Kd5 46. Rxh7 Kxd4 1-0